| 000 | 00453nam a22001337a 4500 | ||
|---|---|---|---|
| 005 | 20260114112324.0 | ||
| 008 | 260114b |||||||| |||| 00| 0 eng d | ||
| 020 | _a9789352697557 | ||
| 100 | _aAzvar Khan Mohammad | ||
| 245 |
_aInternational Perspectives on Cyberbullying _b/International Perspectives on Cyberbullying _c/ Mohammad Azvar Khan |
||
| 260 |
_aNew Delhi _bRandom Publications _c2021 |
||
| 300 |
_a viii, 282pgs _c23.5cm _enone |
||
| 942 |
_2lcc _cBK _n0 |
||
| 999 |
_c115 _d115 |
||